000 01355nam0a22002651 4500
001 v19\rc\2017249
005 20250620003420.0
035 _a(NLR Aleph) 005098061
090 _a7363680
_c7363680
100 _a20080925d1903 |||y0rusy50 ca
101 0 _arus
102 _aRU
105 _ay z |||||
200 1 _aОчистка сточных вод на шерстомойных и суконных фабриках по способу The wool products recovery C°., LTD., Bradford, England
210 _aКиев
_cтип. Г.Л. Фронцевича
_d1903
215 _a7 с.
_d22
300 _aНа тит. л. в адресе авт.: инж. В. Кэмбель
300 _aЗагл. обл.: Привилегированная очистка заводских сточных вод на шерстомойных и суконных фабриках по способу The wool products recovery C°., LTD., Brandford, England
512 0 _aПривилегированная очистка заводских сточных вод на шерстомойных и суконных фабриках по способу The wool products recovery C°., LTD., Brandford, England
700 1 _aКэмбель
_bВ.
801 0 _aRU
_bNLR
_gpsbo
801 1 _aRU
_bProSoft-M
_2rusmarc
852 _aNLR
_j34.48.4.149
942 _cBOOK
980 _aNB